[Event "Let's Play Chess!"]
[Site "http://www.queenalice.com/game.php?id=535597"]
[Date "2009.2.5"]
[Round "-"]
[White "Andrei_78"]
[Black "godzilla"]
[Result "1-0"]
[WhiteElo "1637"]
[BlackElo "1396"]

1. e4 e5 2. d3 Nf6 3. h3 c6 4. Nf3 d5 5. exd5 cxd5 6. Nxe5 Bd6 7. Bf4 Qb6 8. b3
Qd4 9. Nd2 Qxf4 10. Nef3 O-O 11. Be2 Re8 12. g3 Qh6 13. O-O Bxh3 14. Nh4 Be5 15.
Re1 1-0

[Event "Let's Play Chess!"]
[Site "http://www.queenalice.com/game.php?id=535598"]
[Date "2009.2.6"]
[Round "-"]
[White "spawnwolfwolverine"]
[Black "godzilla"]
[Result "1-0"]
[WhiteElo "1658"]
[BlackElo "1460"]

1. c4 e5 2. d3 c6 3. e4 Nf6 4. Bg5 h6 5. Bxf6 Qxf6 6. g3 Bb4+ 7. Nc3 Bxc3+ 8.
bxc3 d6 9. Bg2 O-O 10. Nf3 Bg4 11. O-O 1-0

[Event "Let's Play Chess!"]
[Site "http://www.queenalice.com/game.php?id=535599"]
[Date "2009.2.5"]
[Round "-"]
[White "godzilla"]
[Black "spawnwolfwolverine"]
[Result "0-1"]
[WhiteElo "1417"]
[BlackElo "1697"]

1. d4 d5 2. c4 dxc4 3. Nf3 e6 4. e3 b5 5. a4 Bb4+ 6. Bd2 Bxd2+ 7. Nbxd2 Nf6 8.
axb5 O-O 9. Bxc4 a6 10. O-O Bb7 11. Qc2 c6 12. bxa6 Bxa6 13. Bxa6 Rxa6 0-1

[Event "Let's Play Chess!"]
[Site "http://www.queenalice.com/game.php?id=535600"]
[Date "2009.2.6"]
[Round "-"]
[White "godzilla"]
[Black "rferraz"]
[Result "0-1"]
[WhiteElo "1459"]
[BlackElo "1464"]

1. d4 d5 2. c4 e6 3. Nc3 Nf6 4. cxd5 exd5 5. e3 Bf5 6. Bd3 Bxd3 7. Qxd3 Bb4 8.
a3 Bxc3+ 9. bxc3 O-O 10. Rb1 b6 0-1

[Event "Let's Play Chess!"]
[Site "http://www.queenalice.com/game.php?id=535601"]
[Date "2009.2.5"]
[Round "-"]
[White "spawnwolfwolverine"]
[Black "godzilla"]
[Result "1-0"]
[WhiteElo "1666"]
[BlackElo "1448"]

1. c4 e6 2. d3 Nf6 3. e4 d5 4. cxd5 exd5 5. exd5 Bb4+ 6. Nc3 Nxd5 7. Bd2 Nc6 8.
a3 Bxc3 9. Bxc3 O-O 10. g3 Nxc3 11. bxc3 Re8+ 12. Be2 Ne5 13. f4 1-0

[Event "Let's Play Chess!"]
[Site "http://www.queenalice.com/game.php?id=535603"]
[Date "2009.2.5"]
[Round "-"]
[White "charles31"]
[Black "godzilla"]
[Result "1-0"]
[WhiteElo "1749"]
[BlackElo "1452"]

1. Nc3 d5 2. d4 Nf6 3. h3 Nc6 4. e3 e5 5. dxe5 Nxe5 6. a3 Be7 7. Be2 O-O 8. Nf3
Nxf3+ 9. Bxf3 c6 10. Qd4 Bf5 11. Qd1 Bd6 12. Qe2 Qe7 13. g4 Be4 14. Bxe4 Nxe4
15. Nxe4 Qxe4 16. f3 Bg3+ 17. Kf1 Qe7 18. Bd2 Bc7 19. c3 f5 20. Kf2 f4 21. Rae1
1-0

[Event "Let's Play Chess!"]
[Site "http://www.queenalice.com/game.php?id=535606"]
[Date "2009.2.5"]
[Round "-"]
[White "godzilla"]
[Black "charles31"]
[Result "1-0"]
[WhiteElo "1390"]
[BlackElo "1757"]

1. d4 d5 2. c4 dxc4 3. Nf3 e6 4. e3 b5 5. a4 c6 6. b3 cxb3 7. axb5 c5 8. Be2 Nf6
9. Qxb3 Bb7 10. O-O Be7 11. dxc5 Bxc5 12. Ba3 Qc7 13. Rc1 Nbd7 14. Bxc5 Nxc5 15.
Qc3 Rc8 16. Rxa7 Qb6 17. Qa5 Qxa5 18. Rxa5 O-O 19. Ra7 Bd5 20. Ne5 Nce4 21. Nc6
Nd6 22. Ne7+ Kh8 23. Nxc8 Nxc8 24. Rac7 Nd6 25. f3 Ba8 26. e4 e5 27. Rd1 Nfe8
28. Ra7 Bxe4 29. fxe4 Nxe4 30. Rd8 Kg8 31. b6 N8d6 32. Raa8 1-0

[Event "Challenge"]
[Site "http://www.queenalice.com/game.php?id=544836"]
[Date "2009.2.22"]
[Round "-"]
[White "godzilla"]
[Black "b_d75"]
[Result "0-1"]
[WhiteElo "1627"]
[BlackElo "1396"]

1. d4 d5 2. c4 e6 3. Nc3 Nf6 4. cxd5 exd5 5. e3 Be7 6. Bd3 O-O 7. Nf3 c5 8. O-O
Nc6 9. Re1 Bg4 10. dxc5 Bxc5 11. h3 Bxf3 12. Qxf3 Re8 13. Be2 d4 0-1

[Event "Challenge"]
[Site "http://www.queenalice.com/game.php?id=546819"]
[Date "2009.2.26"]
[Round "-"]
[White "Attia"]
[Black "godzilla"]
[Result "1-0"]
[WhiteElo "1625"]
[BlackElo "1623"]

1. e4 e6 2. Nf3 d5 3. e5 c5 4. d4 cxd4 5. Qxd4 Nc6 6. Qa4 Bd7 7. Bb5 Nge7 8. Nc3
a6 9. Bxc6 Bxc6 10. Qg4 Ng6 11. O-O Be7 12. Ng5 1-0

[Event "Challenge"]
[Site "http://www.queenalice.com/game.php?id=546993"]
[Date "2009.2.26"]
[Round "-"]
[White "sunking"]
[Black "godzilla"]
[Result "0-1"]
[WhiteElo "1612"]
[BlackElo "1629"]

1. d4 Nf6 2. d5 e6 3. Bg5 h6 4. Bxf6 Qxf6 5. Nc3 Bb4 6. Qd3 Bxc3+ 7. Qxc3 Qxc3+
8. bxc3 exd5 9. Nf3 d6 10. e3 O-O 11. Bd3 c5 12. O-O Be6 13. Nh4 c4 14. Bf5 g5
15. Bxe6 fxe6 16. Ng6 Rf7 17. f4 Kg7 18. fxg5 Rxf1+ 19. Rxf1 Kxg6 20. gxh6 Nd7
21. h4 Rh8 22. g4 Rxh6 23. g5 Rxh4 24. Kg2 Rh5 25. Re1 Rxg5+ 26. Kf3 Nf6 27. Re2
Rf5+ 28. Kg3 Ne4+ 29. Kg2 Nxc3 30. Rf2 Rxf2+ 31. Kxf2 Nxa2 32. Ke2 a5 33. Kd2
Kf5 34. c3 Ke4 35. Kc2 Kxe3 36. Kb2 Kd2 37. Kxa2 d4 38. cxd4 c3 39. Kb1 c2+ 0-1

[Event "Challenge"]
[Site "http://www.queenalice.com/game.php?id=547081"]
[Date "2009.2.26"]
[Round "-"]
[White "godzilla"]
[Black "josealexandreschultz"]
[Result "1-0"]
[WhiteElo "1611"]
[BlackElo "1671"]

1. d4 d5 2. c4 e6 3. Nc3 Nf6 4. Nf3 c6 5. e3 Nbd7 6. Bd3 Be7 7. O-O b6 8. b3 Bb7
9. Re1 O-O 10. cxd5 cxd5 11. e4 Kh8 12. e5 Ng8 13. Qe2 f6 14. exf6 Bxf6 15. Bd2
Ne7 16. Qxe6 Ng6 17. Bxg6 hxg6 18. Nb5 Bc8 19. Qxd5 Rb8 20. Nd6 Qc7 21. Rac1 Nc5
22. dxc5 Be7 23. Nf7+ Kh7 24. N7g5+ Kh8 25. Rc4 Bxg5 26. Nxg5 1-0

[Event "AUTO-BEG-287"]
[Site "http://www.queenalice.com/game.php?id=560129"]
[Date "2009.3.22"]
[Round "2"]
[White "godzilla"]
[Black "Gera10"]
[Result "1-0"]
[WhiteElo "1680"]
[BlackElo "1465"]

1. d4 d5 2. c4 dxc4 3. Nf3 Bf5 4. Nc3 Nf6 5. e3 e6 6. Bxc4 Bb4 7. O-O Nc6 8. Bd2
a6 9. Nh4 Qd6 10. Nxf5 exf5 11. Qf3 Ng4 12. g3 O-O-O 13. Qxf5+ Kb8 14. Qxg4 h5
15. Qxg7 f5 16. a3 Ba5 17. b4 Bb6 18. Nd5 a5 19. Nxb6 cxb6 20. bxa5 bxa5 21.
Rab1 Qd7 22. Qxd7 Rxd7 23. Be6 Rdh7 24. Rfc1 h4 25. Rxc6 hxg3 26. fxg3 Rxh2 27.
Rc8+ Rxc8 28. Kxh2 Rc2 29. Rd1 Kc7 30. Bxf5 Kd6 31. Bxc2 b6 32. e4 Ke6 33. Rb1
b5 34. Rxb5 a4 35. Bxa4 Kd6 36. Rb6+ Kc7 37. Ba5 Kc8 38. Bc6 Kc7 39. Ra6+ Kd6
40. Bd8 Ke6 41. Be8# 1-0

[Event "AUTO-BEG-287"]
[Site "http://www.queenalice.com/game.php?id=560130"]
[Date "2009.3.22"]
[Round "2"]
[White "Gera10"]
[Black "godzilla"]
[Result "0-1"]
[WhiteElo "1529"]
[BlackElo "1670"]

1. e4 e6 2. d4 d5 3. e5 c5 4. dxc5 Bxc5 5. Nf3 Qb6 6. Qd2 Nc6 7. Nc3 Bb4 8. Bd3
d4 9. a3 dxc3 10. bxc3 Bc5 11. O-O Nge7 12. Qe2 Ng6 13. g3 O-O 14. Kh1 Qc7 15.
Ng5 Ncxe5 16. Qh5 h6 17. Ne4 f5 18. Nxc5 Qxc5 19. Be3 Qxc3 20. f4 Nxd3 21. Qxg6
Bd7 22. a4 Nb4 23. Rad1 Bc6+ 24. Kg1 Qxe3+ 25. Rf2 Rad8 26. Rxd8 Rxd8 27. h3
Rd1+ 28. Kh2 Qxf2# 0-1

[Event "Challenge"]
[Site "http://www.queenalice.com/game.php?id=569822"]
[Date "2009.4.10"]
[Round "-"]
[White "AlmeidaChess"]
[Black "godzilla"]
[Result "0-1"]
[WhiteElo "1771"]
[BlackElo "1644"]

1. d4 Nf6 2. c4 e6 3. Nf3 Bb4+ 4. Bd2 Qe7 5. Nc3 b6 6. g3 Ba6 7. e3 O-O 8. Bd3
d5 9. b3 dxc4 10. Bxc4 c5 11. a3 Bxc3 12. Bxc3 Bxc4 13. bxc4 Ne4 14. Qc2 Nxc3
15. Qxc3 Qb7 16. Ke2 cxd4 17. exd4 Nc6 18. Rhd1 Na5 19. Rab1 Nxc4 20. Qxc4 Qe4+
21. Kf1 Qxf3 22. d5 Qh1+ 23. Ke2 exd5 24. Qxd5 Rfe8+ 25. Kd2 Qxd5+ 26. Kc2 Qa2+
27. Rb2 Rac8+ 0-1

[Event "Challenge"]
[Site "http://www.queenalice.com/game.php?id=575265"]
[Date "2009.4.21"]
[Round "-"]
[White "pipa"]
[Black "godzilla"]
[Result "1-0"]
[WhiteElo "1713"]
[BlackElo "1665"]

1. e4 e6 2. Nf3 d5 3. e5 c5 4. c3 Nc6 5. Bb5 Bd7 6. O-O Nxe5 7. Bxd7+ Nxd7 8.
Na3 Ngf6 9. Ng5 Qc7 10. Qf3 h6 11. Nh3 g5 12. Qe2 g4 13. Nb5 Qb8 14. Qe3 a6 15.
Na3 gxh3 16. Qxh3 Qe5 17. Qf3 Bd6 18. g3 Qe4 19. Qxe4 dxe4 20. Re1 Ne5 21. b4
Nf3+ 22. Kf1 cxb4 23. Nc4 Be7 24. Re2 1-0